[Event "GER-ch Net blitz qual4"]
[Site "Playchess.com INT"]
[Date "2021.05.10"]
[Round "4"]
[White "Maksimovic, Marco"]
[Black "Hagenbach, Udo"]
[Result "1-0"]
[WhiteElo "2054"]
[BlackElo "1855"]
[PlyCount "65"]
[EventDate "2021.05.10"]
[EventType "swiss (blitz)"]
[EventRounds "11"]
[EventCountry "GER"]
[SourceTitle "CBM 202 Extra"]
[Source "ChessBase"]
[SourceDate "2021.07.31"]
[SourceVersion "1"]
[SourceVersionDate "2021.07.31"]
[SourceQuality "1"]

1. d4 e6 2. Bf4 Nf6 3. e3 b6 4. Nd2 Be7 5. Ngf3 c5 6. c3 0-0 7. Bd3 Ba6 8. Bxa6 Nxa6 9. Qe2 Qc8 10. g4 Nxg4 11. Rg1 f5 12. Ne5 Nxe5 13. dxe5 Nc7 14. c4 Ne8 15. 0-0-0 d6 16. Nf3 dxe5 17. Bxe5 Bf6 18. Rd2 Qc6 19. Rgd1 Qe4 20. Bxf6 Nxf6 21. Ng5 Qe5 22. f4 Qc7 23. Nxe6 Qe7 24. Nxf8 Rxf8 25. Qd3 g6 26. h4 Re8 27. Re2 Qe4 28. Qxe4 Rxe4 29. b3 Kf7 30. Rd6 Ke7 31. Rc6 Ng4 32. Rc7+ Kf6 33. Kd2 1-0